• 首页
  • 本馆介绍
  • 公告通知
  • 最新文献
  • 馆藏检索
  • 电子资源
  • 读者导购
  • 参考咨询
  • 我的图书馆
  • 登录
  • 详细信息显示
  • 放入我的书架
  • 预约/预借图书
  • 作者相关作品
  • 分类相关作品
  • 丛书相关作品
  • 出版社相关作品

书目信息

  • 表格格式
  • 工作单格式
  • 卡片格式
题名:
形意五行拳图说
    
 
作者: 凌善清 著
分册:  
出版信息: 北京   中国书店  1984
页数: 78页
开本: 19cm
丛书名: 中国传统武术丛书
单 册:
中图分类: G852.14
科图分类:
主题词: 形意拳--中国--图解
电子资源:
ISBN:
000 00645nam2 2200241 45
001 0184003390
005 20060810113213.43
010    @dCNY0.55
100    @a19950321d1984 em y0chiy0121 ea
101 0  @achi
102    @aCN@b110000
105    @af z 000yy
200 10 @a形意五行拳图说@Axing yi wu xing quan tu shuo@f凌善清著
210    @a北京@c中国书店@d1984
215    @a78页@c图@d19cm
225 2  @a中国传统武术丛书
410  0 @120010@a中国传统武术丛书
606    @a形意拳@y中国@x图解
690    @aG852.14@v3
701  0 @a凌善清@Aling shan qing@4著
801  2 @aCN@bNLC@c20060810
801  0 @aCN@bTSSF
905    @a10447@dG852.14@e126
    
    形意五行拳图说/凌善清著.-北京:中国书店,1984
    78页:图;19cm.-(中国传统武术丛书)
    
    
    ISBN :CNY0.55
    
●
相关链接 在E读中查询图书 在五车中查询图书 在当当中查询图书 在豆瓣中查询图书


正题名:形意五行拳图说     索取号:G852.14/126         预约/预借

序号 登录号 条形码 馆藏地/架位号 状态 备注
1 0448436   204484361   密集书库/ [索取号:G852.14/126] 在馆    
唐山师范学院图书馆 欢迎您!
大连网信软件有限公司© 版权所有